Mort Subite - Kpop Idols Thaïlandais - Statistiques

Statistiques générales
  • Ce quiz a été pris 428 fois
  • Le résultat moyen est 8 sur 12
Answers on the Grid
Answers color-coded by a green-red scale on the quiz's grid according to % correct below.
Lisa - Blackpink
Bambam - GOT7
Minnie - I-dle
Sorn - CLC
Ten - NCT
Nichkhun - 2PM
Natty - Kiss of Life
Tag - ONE PACT
Thanatorn - The Wind
Pharita - Babymonster
Hunter - Xikers
Sullin - TripleS
Asa - Babymonster
Jisung - NCT
Johnny - NCT
Mingi - Ateez
Jay B - GOT7
Julie - Kiss of Life
J-hope - BTS
Rosé - Blackpink
 
Statistiques - réponses
Réponse % Correct
Lisa - Blackpink
94%
Pharita - Babymonster
81%
Bambam - GOT7
79%
Minnie - I-dle
78%
Natty - Kiss of Life
68%
Thanatorn - The Wind
60%
Sorn - CLC
59%
Ten - NCT
58%
Nichkhun - 2PM
50%
Hunter - Xikers
44%
Tag - ONE PACT
44%
Sullin - TripleS
37%
Aucun quiz correspondant
Distribution des résultats
% des personnes avec chaque résultat
Percentile par nombre de réponses
Votre historique - résultats
Vous n’avez pas pris ce quiz